MARC

LEADER 00000nam0a2200000 4500
001 362783
005 20231102011526.0
035 |a (RuTPU)RU\TPU\retro\20129 
090 |a 362783 
100 |a 20210825d1965 km y0rusy50 ca 
101 0 |a rus 
102 |a RU 
105 |a a z 001zy 
200 1 |a Опреснение соленых вод. Метод дистилляции с использованием тепла ядерных реакторов  |f Е. Д. Мальцев 
210 |a Москва  |c Атомиздат  |d 1965 
215 |a 92 с.  |c ил. 
320 |a Библиогр.: с. 84 
606 1 |a Вода  |x Опреснение  |2 stltpush  |3 (RuTPU)RU\TPU\subj\2684  |9 31222 
606 1 |a Дистилляция  |x Физико-химические основы  |x Химическая технология  |2 stltpush  |3 (RuTPU)RU\TPU\subj\31510  |9 54345 
610 1 |a морская вода 
610 1 |a высокоинтенсивный теплообмен 
610 1 |a аппараты 
610 1 |a гидрофобные теплоносители 
610 1 |a ядерные установки 
610 1 |a применение 
675 |a 628.165  |v 4 
675 |a 66.048  |v 4 
700 1 |a Мальцев  |b Е. Д.  |g Елисей Дмитриевич 
801 1 |a RU  |b 63413507  |c 20210825 
942 |c BK